000 01557nam2a2200253 4500
001 RU\NLR\BIBL_A\021983593
005 20250625073831.0
010 _a978-5-346-05059-9
_bч. 3
021 _aRU
_b2023-38365
_9КН-П-3822
035 _a(NLR Aleph) 021983593
090 _a12406266
_c12406266
100 _a20230719d2023 |||y0rusy50 ca
101 0 _arus
102 _aRU
105 _aa j 000zy
200 0 _aЧ. 3
_fГ. Г. Граник, Н. А. Борисенко, Г. Н. Владимирская, С. В. Шишкова
210 _d2023
_aБ. м.
215 _a95 с., [2] л. цв. ил.
_cтабл.
461 0 _1001RU\NLR\BIBL_A\021983587
_12001#$aРусский язык$e6 класс$eучебник для общеобразовательных учреждений$eв трёх частях$fГ. Г. Граник, Н. А. Борисенко, Г. Н. Владимирская, С. М. Бондаренко$gпод общей редакцией академика РАО Г. Г. Граник$vЧ. 3
_912406247
_cМосква
_d2023
_e6-е изд., перераб.
_fГ. Г. Граник, Н. А. Борисенко, Г. Н. Владимирская, С. М. Бондаренко
_nМнемозина
_o6 класс : учебник для общеобразовательных учреждений : в трёх частях
_p22
_tРусский язык
_y9785346050568
_vЧ. 3
701 1 _aШишкова
_bС. В.
_gСветлана Викторовна
942 _cBOOK
980 _aNB